[Event "XXXIX C.to Italiano a squadre Master"]
[Site "Palermo ITA"]
[Date "2007.04.20"]
[Round "1"]
[White "Burlando, Alessandro"]
[Black "De Val, Daniele"]
[Result "1-0"]
[WhiteElo "2115"]
[BlackElo "2182"]
[PlyCount "120"]
[EventDate "2007.04.20"]

1. d4 d5 2. c4 Nc6 3. Nc3 dxc4 4. d5 Ne5 5. Qd4 Ng6 6. Nf3 a6 7. a4 Nf6 8. e4
e6 9. Bxc4 exd5 10. exd5 Qe7+ 11. Be3 Bg4 12. Ng5 Qe5 13. d6 Qxd4 14. Bxd4 Bxd6
15. Nxf7 Rf8 16. Nxd6+ cxd6 17. O-O O-O-O 18. f3 Bd7 19. Bb6 Rde8 20. Rfd1 Bc6
21. Bf1 d5 22. b4 Ne5 23. Rac1 Nc4 24. b5 Kb8 25. Bc5 Rf7 26. bxa6 bxa6 27.
Nxd5 Bxd5 28. Bxc4 Bxc4 29. Rxc4 Re6 30. Bd6+ Ka7 31. a5 Rd7 32. Rc6 Re5 33.
Rb1 Rb5 34. Rxb5 axb5 35. a6 Nd5 36. Bc5+ Kb8 37. a7+ Kb7 38. Rc8 Nc7 39. Rb8+
Kc6 40. Be3 Rd1+ 41. Kf2 Ra1 42. Rg8 b4 43. Rb8 b3 44. Rxb3 Nb5 45. Rd3 Nxa7
46. Bxa7 Rxa7 47. h4 h5 48. Ke3 Ra2 49. g3 Ra5 50. Ke4 g6 51. f4 Ra1 52. Kf3
Rb1 53. Rd8 Rb3+ 54. Kf2 Kc7 55. Rg8 Rb6 56. Rg7+ Kd8 57. f5 gxf5 58. Kf3 Rb1
59. Kf4 Rf1+ 60. Kg5 f4 1-0

[Event "XXXIX C.to Italiano a squadre Master"]
[Site "Palermo ITA"]
[Date "2007.04.20"]
[Round "1"]
[White "Colangeli, Roberto"]
[Black "Corso, Sergio"]
[Result "0-1"]
[WhiteElo "1563"]
[BlackElo "2303"]
[PlyCount "88"]
[EventDate "2007.04.20"]

1. Nf3 Nf6 2. d4 g6 3. e3 Bg7 4. Bd3 d6 5. c4 O-O 6. O-O Nbd7 7. Nc3 e5 8. h3
Re8 9. Qc2 Qe7 10. Ne2 Nf8 11. d5 N8d7 12. b4 a5 13. b5 Nc5 14. e4 b6 15. Ba3
Nxd3 16. Qxd3 Nh5 17. Nd2 f5 18. f3 Qh4 19. Qe3 Rf8 20. Bxd6 cxd6 21. Qxb6 Bh6
22. Rad1 Qd8 23. c5 Be3+ 24. Kh1 Bxc5 25. Qxd8 Rxd8 26. Nc4 a4 27. g4 Nf6 28.
gxf5 gxf5 29. Ng3 f4 30. Nf5 Bxf5 31. exf5 Nh5 32. b6 Ng3+ 33. Kg2 Nxf1 34.
Rxf1 Ra6 35. Rb1 Rb8 36. b7 Ra7 37. Nxd6 Bxd6 38. Rb6 Bc7 39. Re6 Raxb7 40. h4
Kf7 41. d6 Bd8 42. Rxe5 Rb2+ 43. Kh3 Bf6 44. Rd5 Rg8 0-1

[Event "XXXIX C.to Italiano a squadre Master"]
[Site "Palermo ITA"]
[Date "2007.04.20"]
[Round "1"]
[White "Ferro, Mario"]
[Black "Arlandi, Ennio"]
[Result "0-1"]
[WhiteElo "2235"]
[BlackElo "2438"]
[PlyCount "110"]
[EventDate "2007.04.20"]

1. d4 Nf6 2. Nf3 g6 3. c4 Bg7 4. g3 O-O 5. Bg2 c6 6. Nc3 d5 7. O-O dxc4 8. Ne5
Be6 9. e4 Nbd7 10. Bf4 Nh5 11. Nxd7 Qxd7 12. Be3 Nf6 13. Qe2 b5 14. a4 a6 15.
e5 Nd5 16. Ne4 Bh3 17. Nc5 Qc8 18. Bxh3 Qxh3 19. Bd2 h5 20. f4 Qf5 21. Ba5 Rfc8
22. Kg2 e6 23. h3 h4 24. g4 Nxf4+ 25. Rxf4 Qxf4 26. Ne4 Qh6 27. Bd2 Qh8 28. Qf3
Rd8 29. Ng5 Ra7 30. axb5 cxb5 31. Rxa6 Rad7 32. Ra8 Rxa8 33. Qxa8+ Bf8 34. Qe8
Re7 35. Qxb5 Bh6 36. Qc5 Re8 37. Qc6 Kg7 38. Qxc4 Re7 39. Qf1 Qa8+ 40. Kh2 Kg8
41. Qf6 Rc7 42. Bc3 Ra7 43. Nf3 Qe4 44. Ne1 Bf4+ 45. Kg1 Bg3 46. Qf3 Qb1 47.
Qd3 Qa1 48. Qe3 Rd7 49. Kf1 Qa4 50. Qe2 Qb3 51. Nd3 Ra7 52. Kg2 Ra1 53. Nc5 Qa2
54. Qe4 Rc1 55. Kf3 Rxc3+ 0-1

[Event "XXXIX C.to Italiano a squadre Master"]
[Site "Palermo ITA"]
[Date "2007.04.20"]
[Round "1"]
[White "Lostuzzi, Manlio"]
[Black "Barlocco, Carlo"]
[Result "1/2-1/2"]
[WhiteElo "2406"]
[BlackElo "2119"]
[PlyCount "82"]
[EventDate "2007.04.20"]

1. e4 e6 2. Nf3 d5 3. Nc3 dxe4 4. Nxe4 Nd7 5. d4 Ngf6 6. Nxf6+ Nxf6 7. Bg5 c5
8. dxc5 Qxd1+ 9. Rxd1 Bxc5 10. Bb5+ Ke7 11. Ne5 h6 12. Bh4 g5 13. Nd3 Bd6 14.
Bg3 Ne4 15. Be5 f6 16. Bd4 Bc7 17. O-O Rd8 18. Be3 Nd6 19. Ba4 Bd7 20. Bb3 a5
21. a4 b6 22. c3 e5 23. Rfe1 Be6 24. Bxe6 Kxe6 25. f3 Rd7 26. Kf1 Rad8 27. Ke2
Nc4 28. Bg1 h5 29. b3 Nd6 30. c4 Nf5 31. Nb2 Nd4+ 32. Bxd4 Rxd4 33. Rxd4 Rxd4
34. Rd1 Rxd1 35. Nxd1 Bd6 36. g4 hxg4 37. fxg4 e4 38. Nc3 Ke5 39. Nd5 Bc5 40.
h3 f5 41. gxf5 Kxf5 1/2-1/2

[Event "XXXIX C.to Italiano a squadre Master"]
[Site "Palermo ITA"]
[Date "2007.04.20"]
[Round "1"]
[White "Mazzilli, Piero"]
[Black "D'Amore, Carlo"]
[Result "1/2-1/2"]
[WhiteElo "2294"]
[BlackElo "2476"]
[PlyCount "49"]
[EventDate "2007.04.20"]

1. e4 e5 2. Nf3 Nc6 3. Nc3 Nf6 4. d4 exd4 5. Nxd4 Bb4 6. Nxc6 bxc6 7. Bd3 d5 8.
exd5 O-O 9. O-O cxd5 10. Bg5 c6 11. Qf3 Bd6 12. Rfe1 h6 13. Bxf6 Qxf6 14. Qxf6
gxf6 15. Ne2 Be5 16. Rab1 c5 17. b3 Be6 18. g3 Rfe8 19. Nf4 h5 20. Ng2 c4 21.
bxc4 dxc4 22. Be4 Rad8 23. Nh4 Rd2 24. Nf3 Bd4 25. Rf1 1/2-1/2

[Event "XXXIX C.to Italiano a squadre Master"]
[Site "Palermo ITA"]
[Date "2007.04.20"]
[Round "1"]
[White "Mocchi, Tullio"]
[Black "Sgnaolin, Davide"]
[Result "1/2-1/2"]
[WhiteElo "2231"]
[BlackElo "2189"]
[PlyCount "124"]
[EventDate "2007.04.20"]

1. d4 Nf6 2. Nf3 c5 3. d5 g6 4. Nc3 Bg7 5. e4 d6 6. Be2 O-O 7. O-O a6 8. a4 b6
9. Re1 Bg4 10. Nd2 Bxe2 11. Qxe2 e5 12. Nc4 Nh5 13. g3 Ra7 14. Rb1 Rb7 15. b4
cxb4 16. Rxb4 Qc7 17. Be3 Nd7 18. Reb1 Rfb8 19. f3 Bf8 20. Bf2 Nhf6 21. Nd1 Nc5
22. Nd2 Nfd7 23. Nc3 Be7 24. Be3 Kg7 25. Kg2 Qd8 26. f4 Bf6 27. Nd1 a5 28. Rc4
b5 29. axb5 Rxb5 30. Rxb5 Rxb5 31. Nc3 Rb2 32. Bxc5 Nxc5 33. Rxc5 dxc5 34. Nc4
exf4 35. Nxb2 Bxc3 36. Na4 Be5 37. Nxc5 fxg3 38. hxg3 Qg5 39. Qf2 h5 40. Nd3 h4
41. Nxe5 Qxe5 42. d6 Qxd6 43. gxh4 Qe5 44. Qe3 a4 45. Kf3 Qf6+ 46. Kg3 Qb2 47.
c3 Qb8+ 48. Kf3 a3 49. Qd4+ Kg8 50. Qa4 Qb2 51. Qe8+ Kg7 52. Qe5+ Kg8 53. Qe8+
Kg7 54. Qe5+ Kh7 55. h5 Qb3 56. hxg6+ fxg6 57. Qe7+ Kg8 58. Qe8+ Kg7 59. Qe5+
Kg8 60. Qe8+ Kg7 61. Qe7+ Kh6 62. Qf8+ Kh7 1/2-1/2

[Event "XXXIX C.to Italiano a squadre Master"]
[Site "Palermo ITA"]
[Date "2007.04.20"]
[Round "1"]
[White "Pozzi, Enrico"]
[Black "Cherin, Diego"]
[Result "0-1"]
[WhiteElo "2211"]
[BlackElo "2266"]
[PlyCount "55"]
[EventDate "2007.04.20"]

1. e4 c5 2. Nf3 e6 3. d4 cxd4 4. Nxd4 Nc6 5. Nxc6 bxc6 6. Bd3 Nf6 7. O-O d5 8.
Nd2 Be7 9. b3 O-O 10. c4 Qb6 11. Qc2 h6 12. Bb2 a5 13. exd5 cxd5 14. cxd5 Nxd5
15. Nc4 Qa7 16. Be4 Bb7 17. Qe2 Nf6 18. Bxb7 Qxb7 19. Rac1 Nd5 20. Qf3 a4 21.
Qg3 f6 22. Rb1 axb3 23. axb3 e5 24. Bc1 Kh8 25. Qg6 Bc5 26. Bd2 Ra2 27. b4 Bd4
28. Qd3 0-1

[Event "XXXIX C.to Italiano a squadre Master"]
[Site "Palermo ITA"]
[Date "2007.04.20"]
[Round "1"]
[White "Ramondino, Renzo"]
[Black "Silvetti, Antonio"]
[Result "0-1"]
[WhiteElo "2289"]
[BlackElo "2077"]
[PlyCount "102"]
[EventDate "2007.04.20"]

1. e4 e6 2. d4 d5 3. e5 c5 4. c3 Nc6 5. Nf3 Nge7 6. a3 a5 7. Bd3 Qc7 8. O-O c4
9. Bc2 b5 10. Bf4 f5 11. Re1 Ng6 12. Bg3 Be7 13. h4 Qd8 14. b3 O-O 15. h5 Nh4
16. Bxh4 Bxh4 17. a4 cxb3 18. Bxb3 bxa4 19. Bxa4 Bd7 20. c4 Be7 21. cxd5 exd5
22. Nc3 Nb4 23. Qb3 Be6 24. Rec1 Bg5 25. Nxg5 Qxg5 26. Qd1 f4 27. Bb3 f3 28. g3
Qxh5 29. Ra4 Qh3 30. Qf1 Qg4 31. Nb5 h5 32. Nc7 h4 33. Nxe6 Qxe6 34. Rc5 Qg4
35. Rxd5 Nxd5 36. Bxd5+ Kh8 37. Bxa8 Rxa8 38. Qd1 hxg3 39. d5 gxf2+ 40. Kxf2
Qg2+ 41. Ke3 Qg5+ 42. Kf2 Rf8 43. e6 Qg2+ 44. Ke3 f2 45. Rh4+ Kg8 46. Qh5 Qg3+
47. Ke2 Qxh4 48. Qxh4 f1=Q+ 49. Kd2 Qf2+ 50. Qxf2 Rxf2+ 51. Ke3 Kf8 0-1

[Event "XXXIX C.to Italiano a squadre Master"]
[Site "Palermo ITA"]
[Date "2007.04.20"]
[Round "1"]
[White "Ronchetti, Niccolo'"]
[Black "Godena, Michele"]
[Result "1/2-1/2"]
[WhiteElo "2410"]
[BlackElo "2558"]
[PlyCount "24"]
[EventDate "2007.04.20"]

1. d4 d5 2. c4 c6 3. Nc3 Nf6 4. cxd5 cxd5 5. Bf4 Nc6 6. e3 Bf5 7. Nf3 e6 8. Qb3
Bb4 9. Bb5 O-O 10. O-O Bxc3 11. Bxc6 Bxb2 12. Bxb7 Bxa1 1/2-1/2

[Event "XXXIX C.to Italiano a squadre Master"]
[Site "Palermo ITA"]
[Date "2007.04.20"]
[Round "1"]
[White "Vocaturo, Daniele"]
[Black "Napoli, Nicolo'"]
[Result "1-0"]
[WhiteElo "2450"]
[BlackElo "2266"]
[PlyCount "93"]
[EventDate "2007.04.20"]

1. e4 g6 2. d4 Bg7 3. Nc3 c6 4. Nf3 d5 5. h3 Nh6 6. Bd3 O-O 7. Qe2 Kh8 8. O-O
f6 9. Re1 Re8 10. e5 Nf7 11. Bf4 e6 12. exf6 Bxf6 13. Qd2 Nd7 14. Re2 c5 15.
Rae1 c4 16. Bxg6 hxg6 17. Nxd5 Nb6 18. Nc7 Re7 19. Nxa8 Nxa8 20. d5 exd5 21.
Rxe7 Bxe7 22. Ne5 Kg7 23. Nxf7 Kxf7 24. Be5 Bg5 25. Bf4 Bf6 26. Be5 Bg5 27. Qd4
Nb6 28. h4 Bf6 29. Qf4 Nd7 30. Bd4 Kg7 31. h5 Bxd4 32. Qxd4+ Qf6 33. Qxd5 Nb6
34. Qc5 gxh5 35. Qxh5 Be6 36. Re3 Bf7 37. Qc5 Nd7 38. Rg3+ Bg6 39. Qd5 Ne5 40.
Qxb7+ Qf7 41. Qe4 Qf6 42. Qe3 a6 43. Qc3 Nf7 44. Qxc4 Qxb2 45. Qxa6 Qc1+ 46.
Qf1 Qxc2 47. Qa1+ 1-0

[Event "XXXIX C.to Italiano a squadre Master"]
[Site "Palermo ITA"]
[Date "2007.04.20"]
[Round "2"]
[White "Arlandi, Ennio"]
[Black "Caposciutti, Maurizio"]
[Result "1/2-1/2"]
[WhiteElo "2438"]
[BlackElo "2301"]
[PlyCount "83"]
[EventDate "2007.04.20"]

1. d4 Nf6 2. c4 a6 3. Nc3 c5 4. d5 b5 5. cxb5 axb5 6. Nxb5 Qa5+ 7. Nc3 Bb7 8.
Bd2 Qb6 9. e4 e6 10. Bc4 Nxe4 11. dxe6 fxe6 12. Nxe4 Bxe4 13. Nf3 Be7 14. O-O
Nc6 15. Bc3 d5 16. Bd3 O-O-O 17. Qe2 Bxf3 18. Qxe6+ Kb8 19. gxf3 Rd6 20. Qf7
Bf6 21. Rfe1 d4 22. Bd2 Ne5 23. Rxe5 Bxe5 24. Re1 Rf6 25. Qd5 Bd6 26. Be4 Ka7
27. Kh1 Re8 28. Qc4 Rb8 29. Rg1 g6 30. Bg5 Rff8 31. Qd5 Rbe8 32. Bh6 Re5 33.
Qc4 Rh5 34. Qa4+ Kb8 35. Rxg6 hxg6 36. Bxf8 Bxf8 37. Qe8+ Kc7 38. Qf7+ Kb8 39.
Qxf8+ Kc7 40. Qe7+ Kb8 41. Qe8+ Kc7 42. Qe7+ 1/2-1/2

[Event "XXXIX C.to Italiano a squadre Master"]
[Site "Palermo ITA"]
[Date "2007.04.20"]
[Round "2"]
[White "Bellini, Fabio"]
[Black "Brunello, Sabino"]
[Result "0-1"]
[WhiteElo "2509"]
[BlackElo "2454"]
[PlyCount "132"]
[EventDate "2007.04.20"]

1. e4 e5 2. Nf3 Nc6 3. Nc3 Nf6 4. Bb5 Nd4 5. O-O c6 6. Bd3 Nxf3+ 7. Qxf3 d6 8.
Bc4 g6 9. d3 Bg7 10. h3 O-O 11. Bb3 Kh8 12. Ne2 Ng8 13. Qg3 f5 14. f4 fxe4 15.
dxe4 Nf6 16. Qd3 d5 17. exd5 Nxd5 18. c3 Qb6+ 19. Kh1 Bf5 20. Qg3 Rae8 21. Bxd5
cxd5 22. fxe5 Qa6 23. Rf2 Rxe5 24. Ng1 Ree8 25. Be3 Be4 26. Rxf8+ Rxf8 27. Bc5
Rc8 28. Qf2 b6 29. Bd4 Qb7 30. Ne2 Qd7 31. Kg1 Kg8 32. Bxg7 Qxg7 33. Nd4 Rf8
34. Qe2 Qe5 35. Rf1 Rxf1+ 36. Qxf1 g5 37. Qf2 Kg7 38. Nc6 Qc7 39. Qd4+ Kf7 40.
Ne5+ Ke6 41. Ng4 Qf4 42. Ne3 h5 43. a4 Qg3 44. Qd2 Qf4 45. Qe2 h4 46. Qe1 Kd6
47. Nf1 Bd3 48. Ne3 Qxa4 49. Qd2 Qe4 50. Ng4 Qf5 51. Ne3 Qe4 52. Ng4 Qg6 53.
Qe3 Be4 54. g3 Kc7 55. gxh4 gxh4 56. Qf4+ Qd6 57. Ne5 a5 58. Qf7+ Kc8 59. Qe8+
Kb7 60. Kf1 Qf6+ 61. Ke1 Bg2 62. Nd7 Qd6 63. Ne5 Bxh3 64. Nf3 Qg3+ 65. Ke2 Bg4
66. Qf7+ Ka6 0-1

[Event "XXXIX C.to Italiano a squadre Master"]
[Site "Palermo ITA"]
[Date "2007.04.20"]
[Round "2"]
[White "Bentivegna, Francesco"]
[Black "Lostuzzi, Manlio"]
[Result "1/2-1/2"]
[WhiteElo "2287"]
[BlackElo "2406"]
[PlyCount "65"]
[EventDate "2007.04.20"]

1. e4 e5 2. Nf3 Nc6 3. d4 exd4 4. Nxd4 g6 5. Nc3 Bg7 6. Be3 Nf6 7. f3 O-O 8.
Qd2 Re8 9. O-O-O d5 10. Nxc6 bxc6 11. exd5 cxd5 12. Bh6 c6 13. Bxg7 Kxg7 14.
Na4 Qd6 15. Qd4 Rb8 16. c3 Kg8 17. Bd3 Bd7 18. Rhe1 a5 19. g3 Re7 20. Qc5 Qxc5
21. Nxc5 Kf8 22. Nb3 Ra8 23. Kd2 Be6 24. Re2 Bd7 25. Rde1 Rxe2+ 26. Rxe2 Be6
27. Nc5 Ke7 28. Ke3 Kd6 29. Kd4 Nd7 30. Nb7+ Kc7 31. Nc5 Kd6 32. Nb7+ Kc7 33.
Nc5 1/2-1/2

[Event "XXXIX C.to Italiano a squadre Master"]
[Site "Palermo ITA"]
[Date "2007.04.20"]
[Round "2"]
[White "Cherin, Diego"]
[Black "Mazzilli, Piero"]
[Result "0-1"]
[WhiteElo "2266"]
[BlackElo "2294"]
[PlyCount "68"]
[EventDate "2007.04.20"]

1. e4 c5 2. Nf3 d6 3. d4 Nf6 4. Nc3 cxd4 5. Nxd4 a6 6. Bc4 e6 7. Bb3 b5 8. Qf3
Bb7 9. Bg5 Nbd7 10. O-O-O b4 11. Nb1 Bxe4 12. Qh3 Nc5 13. Rhe1 Qd7 14. Nd2
Nxb3+ 15. Qxb3 Bd5 16. Qxb4 Be7 17. c4 Bb7 18. Qb3 O-O 19. Qh3 Rfc8 20. Kb1
Rab8 21. Ka1 d5 22. N4f3 dxc4 23. Ne4 Qb5 24. Nd4 Qb6 25. Nxf6+ gxf6 26. Nf5
exf5 27. Rxe7 fxg5 28. Rxf7 Qg6 29. Rdd7 c3 30. Rg7+ Qxg7 31. Rxg7+ Kxg7 32.
bxc3 Be4 33. a3 Rb1+ 34. Ka2 Rcb8 0-1

[Event "XXXIX C.to Italiano a squadre Master"]
[Site "Palermo ITA"]
[Date "2007.04.20"]
[Round "2"]
[White "Cocchi, Andrea"]
[Black "Pozzi, Enrico"]
[Result "1-0"]
[WhiteElo "2321"]
[BlackElo "2211"]
[PlyCount "103"]
[EventDate "2007.04.20"]

1. Nf3 Nf6 2. c4 c5 3. Nc3 Nc6 4. g3 g6 5. Bg2 Bg7 6. d4 cxd4 7. Nxd4 O-O 8.
O-O a6 9. c5 e5 10. Nb3 h6 11. Na4 Rb8 12. Qd6 Ne8 13. Qd3 d6 14. Be3 f5 15.
cxd6 e4 16. Qd5+ Kh7 17. Bb6 Qxd6 18. Qxd6 Nxd6 19. Bc7 Nc4 20. Bxb8 Nxb8 21.
Rac1 b5 22. Nbc5 Nxb2 23. Nb6 a5 24. Rc2 a4 25. Ncxa4 Nxa4 26. Nxc8 Nc3 27. Nd6
Na6 28. Rfc1 Rd8 29. Nb7 Rd7 30. Na5 b4 31. Nb3 Nc7 32. a3 N7d5 33. axb4 Rb7
34. Nc5 Rxb4 35. Ne6 Bf6 36. Nf4 Nxf4 37. gxf4 Rb3 38. e3 g5 39. fxg5 hxg5 40.
Bf1 Kg6 41. Bc4 Ra3 42. Kf1 g4 43. Ke1 Ra8 44. Rxc3 Bxc3+ 45. Rxc3 Rh8 46. Be6
Rxh2 47. Rc5 Rh5 48. Kf1 Kf6 49. Bd7 Rg5 50. Kg2 Rh5 51. Rb5 Rg5 52. Kg3 1-0

[Event "XXXIX C.to Italiano a squadre Master"]
[Site "Palermo ITA"]
[Date "2007.04.20"]
[Round "2"]
[White "Colangeli, Roberto"]
[Black "Aglietti, Graziano"]
[Result "0-1"]
[WhiteElo "1563"]
[BlackElo "2054"]
[PlyCount "24"]
[EventDate "2007.04.20"]

1. Nf3 Nf6 2. d4 d5 3. e3 c5 4. c4 cxd4 5. Nxd4 e5 6. Nf3 Nc6 7. Nc3 d4 8. exd4
exd4 9. Qe2+ Be7 10. Ne4 O-O 11. Qd3 Nxe4 12. Qxe4 Bb4+ 0-1

[Event "XXXIX C.to Italiano a squadre Master"]
[Site "Palermo ITA"]
[Date "2007.04.20"]
[Round "2"]
[White "Corso, Sergio"]
[Black "Ortega, Lexy"]
[Result "0-1"]
[WhiteElo "2303"]
[BlackElo "2425"]
[PlyCount "92"]
[EventDate "2007.04.20"]

1. Nf3 c5 2. g3 Nc6 3. Bg2 g6 4. d3 Bg7 5. O-O e5 6. c4 Nge7 7. Nc3 d6 8. Rb1
O-O 9. a3 a5 10. Ne1 Be6 11. Nc2 d5 12. cxd5 Nxd5 13. Ne3 Nde7 14. Ne4 b6 15.
Nc4 Rb8 16. a4 h6 17. Bd2 Kh7 18. Bc3 Nd5 19. Bd2 Rc8 20. Nc3 Nde7 21. Nb5 f5
22. Rc1 Nd5 23. Re1 Nd4 24. Ncd6 Rb8 25. Nxd4 exd4 26. Nc4 Bg8 27. Rb1 Qf6 28.
f4 Rbe8 29. Kh1 Qd8 30. Qc2 Re7 31. e4 dxe3 32. Nxe3 Nb4 33. Bxb4 axb4 34. Nc4
Rfe8 35. Rxe7 Rxe7 36. Rd1 Bd4 37. Qc1 Re2 38. Rd2 Re6 39. Qf1 Qe8 40. Rd1 Qxa4
41. Re1 Qe8 42. Rxe6 Qxe6 43. h4 b5 44. Ne5 Bxb2 45. Qf3 Bf7 46. h5 b3 0-1

[Event "XXXIX C.to Italiano a squadre Master"]
[Site "Palermo ITA"]
[Date "2007.04.20"]
[Round "2"]
[White "Fontaine, Robert"]
[Black "Dervishi, Erald"]
[Result "1/2-1/2"]
[WhiteElo "2567"]
[BlackElo "2553"]
[PlyCount "88"]
[EventDate "2007.04.20"]

1. e4 e5 2. Nf3 Nc6 3. Bb5 a6 4. Ba4 Nf6 5. Nc3 d6 6. Bxc6+ bxc6 7. d4 exd4 8.
Nxd4 c5 9. Nf3 Be7 10. e5 dxe5 11. Qxd8+ Bxd8 12. Nxe5 Bf5 13. Be3 Bxc2 14.
Bxc5 Nd7 15. Nxd7 Kxd7 16. O-O Re8 17. Rac1 Bf5 18. Rfd1+ Kc8 19. Nd5 Be6 20.
Kf1 Bxd5 21. Rxd5 Rb8 22. b4 Re6 23. Rcd1 Be7 24. Rd7 Bxc5 25. bxc5 Rb2 26.
Rxf7 Rxa2 27. Rxg7 h6 28. Rf7 Rc2 29. Rf5 Kb7 30. g4 a5 31. Rb1+ Kc6 32. Ra1
Re4 33. Rxa5 Rc1+ 34. Kg2 Rxg4+ 35. Kf3 Rg5 36. Rf6+ Kb7 37. Rb5+ Kc8 38. c6
Rxc6 39. Rxc6 Rxb5 40. Rxh6 Kd7 41. h4 c5 42. Ke4 c4 43. Rg6 c3 44. Kd4 Rf5
1/2-1/2

[Event "XXXIX C.to Italiano a squadre Master"]
[Site "Palermo ITA"]
[Date "2007.04.20"]
[Round "2"]
[White "Manca, Federico"]
[Black "Amato, Andrea"]
[Result "1-0"]
[WhiteElo "2424"]
[BlackElo "2267"]
[PlyCount "59"]
[EventDate "2007.04.20"]

1. e4 e6 2. d4 d5 3. Nc3 Nf6 4. Bg5 dxe4 5. Nxe4 Be7 6. Bxf6 Bxf6 7. Nf3 Nd7 8.
Bd3 c5 9. Nxf6+ Qxf6 10. c3 O-O 11. O-O Rd8 12. Re1 cxd4 13. cxd4 Nf8 14. Ne5
Ng6 15. Bxg6 hxg6 16. Re3 Qh4 17. Qf3 Qe7 18. Qg4 Bd7 19. h4 Be8 20. Rae1 Rd5
21. h5 g5 22. Nf3 Rad8 23. Re5 Qf6 24. Rxd5 Rxd5 25. Re5 Qd8 26. Rxd5 Qxd5 27.
Nxg5 Bc6 28. h6 g6 29. Qg3 Qd8 30. Qe5 1-0

[Event "XXXIX C.to Italiano a squadre Master"]
[Site "Palermo ITA"]
[Date "2007.04.20"]
[Round "2"]
[White "Napoli, Nicolo'"]
[Black "Mocchi, Tullio"]
[Result "1/2-1/2"]
[WhiteElo "2266"]
[BlackElo "2231"]
[PlyCount "138"]
[EventDate "2007.04.20"]

1. d4 Nf6 2. Nc3 d5 3. Bg5 Nbd7 4. e3 e6 5. Bd3 c5 6. Rb1 c4 7. Be2 Bb4 8. Bf3
Bxc3+ 9. bxc3 Qa5 10. Ne2 Qxa2 11. Bf4 Qa6 12. Qc1 O-O 13. g4 Re8 14. h3 e5 15.
Bh2 Ne4 16. Qb2 Qf6 17. Bxe4 dxe4 18. Qb5 Re6 19. Qxc4 Rc6 20. Qd5 Qf3 21. Rg1
Nf8 22. Qxe5 f6 23. Qg3 b6 24. Kd2 Be6 25. Ra1 Qxg3 26. Bxg3 Bc4 27. Ra3 Ng6
28. Rga1 a5 29. h4 h6 30. Rg1 Kf7 31. h5 Ne7 32. Nf4 Nd5 33. Nxd5 Bxd5 34. Bf4
Ke6 35. Re1 Bc4 36. Rg1 b5 37. Rb1 a4 38. Bh2 Kd5 39. Re1 Re6 40. Bc7 Rc6 41.
Bf4 Re8 42. Rg1 Rcc8 43. Rg3 Kc6 44. Ra1 Re7 45. Ra3 Be6 46. Ra1 Rg8 47. Rgg1
g5 48. hxg6 Rxg6 49. Rh1 Rh7 50. Rh5 Bd5 51. Rh4 Rhg7 52. Rxh6 Rxh6 53. Bxh6
Rxg4 54. Bf4 Bc4 55. Bg3 Rg8 56. Kc1 Kd5 57. Kb2 Be2 58. Rh1 Ra8 59. Ra1 Kc4
60. Bd6 Rg8 61. Bg3 Bf3 62. Bh4 Rg2 63. Rb1 Rh2 64. Bg3 Rh7 65. Bd6 Rg7 66. Ka3
Rg5 67. Bb4 Kd5 68. Be7 Ke6 69. Bd8 Be2 1/2-1/2

[Event "XXXIX C.to Italiano a squadre Master"]
[Site "Palermo ITA"]
[Date "2007.04.20"]
[Round "2"]
[White "Ranieri, Fabrizio"]
[Black "Silvetti, Antonio"]
[Result "1-0"]
[WhiteElo "2243"]
[BlackElo "2077"]
[PlyCount "93"]
[EventDate "2007.04.20"]

1. e4 c6 2. d4 d5 3. exd5 cxd5 4. c4 Nc6 5. Nc3 e6 6. c5 Nf6 7. Nf3 Be7 8. Bb5
O-O 9. Bxc6 bxc6 10. O-O Nd7 11. Re1 Bf6 12. Bf4 Re8 13. a3 Nf8 14. b4 Ng6 15.
Bg3 Bd7 16. a4 Nh4 17. Bxh4 Bxh4 18. Ne5 Bf6 19. f4 Bxe5 20. fxe5 f5 21. Rb1
Rf8 22. Qd3 Qh4 23. Re3 a6 24. Ne2 Be8 25. Rh3 Qg5 26. Rf1 Qe7 27. Qd2 Rf7 28.
Rg3 Kh8 29. Rb1 Rf8 30. h3 h6 31. Kh2 Ra7 32. Nc3 Kh7 33. b5 axb5 34. axb5 cxb5
35. Nxb5 Rb7 36. Rgb3 f4 37. Nd6 Rxb3 38. Rxb3 Bh5 39. Qf2 Bg6 40. Rb7 Qg5 41.
Rb3 h5 42. h4 Qg4 43. c6 Ra8 44. Rf3 Ra1 45. c7 Be4 46. c8=Q Bxf3 47. gxf3 1-0

[Event "XXXIX C.to Italiano a squadre Master"]
[Site "Palermo ITA"]
[Date "2007.04.20"]
[Round "2"]
[White "Saccona, Silvano"]
[Black "Bianchini, Luigi"]
[Result "1-0"]
[WhiteElo "2159"]
[BlackElo "1539"]
[PlyCount "71"]
[EventDate "2007.04.20"]

1. e4 c6 2. d4 d5 3. exd5 cxd5 4. Bd3 Nf6 5. h3 e6 6. Nf3 Nc6 7. c3 Bd6 8. O-O
h6 9. Qe2 Qc7 10. Re1 b6 11. Ne5 Bb7 12. Nd2 O-O-O 13. b4 Rde8 14. a4 Bxe5 15.
dxe5 Nd7 16. Nf3 g5 17. Ba3 f6 18. b5 Ncxe5 19. Nd4 Kb8 20. Bb4 Nc5 21. Bc2 h5
22. a5 g4 23. h4 Reg8 24. axb6 axb6 25. g3 Re8 26. Ra2 Kc8 27. Rea1 Kd7 28. Qe3
Ra8 29. Rxa8 Bxa8 30. Kf1 Bb7 31. Qf4 Qd8 32. Ra7 Qb8 33. Qxf6 Qxa7 34. Qxh8
Qa1+ 35. Ke2 Qa8 36. Qxe5 1-0

[Event "XXXIX C.to Italiano a squadre Master"]
[Site "Palermo ITA"]
[Date "2007.04.20"]
[Round "2"]
[White "Sgnaolin, Davide"]
[Black "Mascellani, Marco"]
[Result "0-1"]
[WhiteElo "2189"]
[BlackElo "2305"]
[PlyCount "80"]
[EventDate "2007.04.20"]

1. e4 c5 2. c3 d5 3. exd5 Qxd5 4. d4 Nc6 5. Nf3 Bg4 6. Be2 cxd4 7. cxd4 e6 8.
O-O Qd7 9. Be3 Bd6 10. h3 Bh5 11. Nc3 Nf6 12. Qb3 O-O 13. a3 Nd5 14. Rfd1 Rad8
15. Rac1 Qe7 16. Nxd5 exd5 17. Qd3 Bb8 18. Bg5 f6 19. Bh4 Rfe8 20. Bf1 Bxf3 21.
gxf3 Bf4 22. Rc2 Qd6 23. Kg2 Ne7 24. Bg3 g5 25. Re1 Ng6 26. Rxe8+ Rxe8 27. Qb5
Re7 28. Rc8+ Kg7 29. Bd3 Qe6 30. Rc2 Bxg3 31. fxg3 Qe1 32. Re2 Rxe2+ 33. Bxe2
h5 34. Bd3 h4 35. Qd7+ Kh6 36. Bxg6 Qxg3+ 37. Kf1 Qxf3+ 38. Ke1 Qe3+ 39. Kf1
Qf3+ 40. Ke1 Kxg6 0-1

[Event "XXXIX C.to Italiano a squadre Master"]
[Site "Palermo ITA"]
[Date "2007.04.20"]
[Round "2"]
[White "Spada, Angelo"]
[Black "Castaldo, Folco"]
[Result "0-1"]
[WhiteElo "2100"]
[BlackElo "2330"]
[PlyCount "124"]
[EventDate "2007.04.20"]

1. d4 e6 2. e3 f5 3. Nf3 Nf6 4. c4 b6 5. Nc3 Bb4 6. Bd2 Bb7 7. Bd3 O-O 8. O-O
Bxc3 9. Bxc3 Ne4 10. Rc1 d6 11. b4 Nxc3 12. Rxc3 Nd7 13. Qe2 Qf6 14. e4 e5 15.
d5 f4 16. c5 bxc5 17. Bb5 cxb4 18. Rxc7 Nc5 19. Rb1 a5 20. a3 Bc8 21. Nd2 Qd8
22. Rc6 Bd7 23. axb4 axb4 24. Qc4 Bxc6 25. dxc6+ Kh8 26. Qxb4 Qc7 27. Nf3 Qb6
28. h4 Qa5 29. Qc4 Qa2 30. Qxa2 Rxa2 31. Ng5 h6 32. Bc4 Ra7 33. Ne6 Nxe6 34.
Bxe6 Rfa8 35. Rb7 Rxb7 36. cxb7 Ra1+ 37. Kh2 Rb1 38. Bd5 g6 39. g3 Rb2 40. gxf4
exf4 41. Kg2 Kg7 42. Kf3 Kf6 43. Kg4 h5+ 44. Kxf4 Rxf2+ 45. Kg3 Rb2 46. Kf4 Rb6
47. Bc6 Rb2 48. Bd5 Rb1 49. Bc6 Ke6 50. Bd5+ Kd7 51. Kg5 Rg1+ 52. Kf6 Kc7 53.
e5 dxe5 54. Kxe5 Rg4 55. Kf6 Rxh4 56. Kxg6 Rd4 57. Bf3 h4 58. Kf5 h3 59. Ke5
Rb4 60. Kf5 h2 61. Ke5 Rb1 62. Kf4 Rf1 0-1

[Event "XXXIX C.to Italiano a squadre Master"]
[Site "Palermo ITA"]
[Date "2007.04.20"]
[Round "2"]
[White "Vancini, Edoardo"]
[Black "Burlando, Alessandro"]
[Result "1-0"]
[WhiteElo "2308"]
[BlackElo "2115"]
[PlyCount "77"]
[EventDate "2007.04.20"]

1. d4 Nf6 2. Bg5 Ne4 3. Bf4 c5 4. f3 Qa5+ 5. c3 Nf6 6. d5 d6 7. e4 g6 8. Nd2
Bg7 9. Nc4 Qd8 10. a4 O-O 11. Bd3 Nbd7 12. Ne2 b6 13. Qd2 Re8 14. Bh6 Bh8 15.
Ng3 Ne5 16. Nxe5 dxe5 17. h4 Qd6 18. h5 e6 19. Bb5 Bd7 20. Bxd7 Qxd7 21. c4
exd5 22. cxd5 Qd8 23. d6 Bg7 24. Bxg7 Kxg7 25. O-O-O Qd7 26. Nf5+ Kh8 27. Qh6
Rg8 28. Ne7 Rg7 29. hxg6 fxg6 30. Nxg6+ Kg8 31. Nxe5 Qe6 32. Rd5 Re8 33. d7
Nxd7 34. Qxe6+ Rxe6 35. Nxd7 Rxg2 36. Ne5 a6 37. Rd8+ Kg7 38. Rd7+ Kf6 39. f4
1-0